| 000 | 01298nam a2200325 a 4500 | ||
|---|---|---|---|
| 001 | ebr5003514 | ||
| 003 | CaPaEBR | ||
| 006 | m u | ||
| 007 | cr cn||||||||| | ||
| 008 | 960625r19951921enk sb 001 0 eng | ||
| 010 | _z 96163298 | ||
| 020 | _z0415090970 | ||
| 040 |
_aCaPaEBR _cCaPaEBR |
||
| 035 | _a(OCoLC)49708680 | ||
| 050 | 1 | 4 |
_aBF121 _b.R8 1995eb |
| 100 | 1 |
_aRussell, Bertrand, _d1872-1970. |
|
| 245 | 1 | 4 |
_aThe analysis of mind _h[electronic resource] / _cBertrand Russell ; with an introduction by Thomas Baldwin. |
| 260 |
_aLondon : _bRoutledge, _cc1995. |
||
| 300 | _a310 p. | ||
| 500 | _aOriginally published: London : G. Allen & Unwin, 1921. (Muirhead library of philosophy). With new introd. | ||
| 504 | _aIncludes bibliographical references and index. | ||
| 533 |
_aElectronic reproduction. _bPalo Alto, Calif. : _cebrary, _d2013. _nAvailable via World Wide Web. _nAccess may be limited to ebrary affiliated libraries. |
||
| 650 | 0 | _aPsychology. | |
| 650 | 0 | _aConsciousness. | |
| 650 | 0 | _aKnowledge, Theory of. | |
| 655 | 7 |
_aElectronic books. _2local |
|
| 710 | 2 | _aebrary, Inc. | |
| 830 | 0 | _aMuirhead library of philosophy. | |
| 856 | 4 | 0 |
_uhttp://site.ebrary.com/lib/rucke/Doc?id=5003514 _zAn electronic book accessible through the World Wide Web; click to view |
| 999 |
_c165 _d165 |
||